| 000 | 01038cam a2200325Ka 4500 | ||
|---|---|---|---|
| 001 | 57178099 | ||
| 003 | OCoLC | ||
| 005 | 20230624124643.0 | ||
| 008 | 041207s2004 nyua j 000 1 eng d | ||
| 010 | _a2005270985 | ||
| 020 | _a0689871481 (board bk.) : | ||
| 020 | _a9780689871481 (board bk.) | ||
| 035 | _a(OCoLC)57178099 | ||
| 040 |
_aSDL _cSDL _dXY4 _dBAKER _dMLA _dDLC _dBTCTA _dCOX |
||
| 041 | _aeng | ||
| 050 | 4 |
_aPZ7.C21476 _bPan 2004 |
|
| 100 | 1 | _aCarle, Eric. | |
| 245 | 1 | 0 |
_aPancakes, pancakes! / _cEric Carle. |
| 250 | _a1st Little Simon board book ed. | ||
| 260 |
_aNew York : _bLittle Simon, _c2004. |
||
| 300 |
_a1 v. (unpaged) : _bcol. ill. ; _c18 cm. |
||
| 490 | 0 | _aA classic board book. | |
| 500 | _aOn board pages. | ||
| 520 | _aBy cutting and grinding the wheat for flour, Jack starts from scratch to help make his breakfast pancake. | ||
| 650 | 0 |
_aPancakes, waffles, etc. _vJuvenile fiction. |
|
| 650 | 0 |
_aCooking _vJuvenile fiction. |
|
| 655 | 0 | _aBoard books. | |
| 655 | 0 | _aPicture books. | |
| 942 | _cBK | ||
| 999 |
_c28212 _d28212 |
||